[Event "TUR-chT 1st League"]
[Site "Denizli"]
[Date "2023.07.12"]
[Round "6.55"]
[White "Can, Isil"]
[Black "Acar, Ilayda"]
[Result "1/2-1/2"]
[WhiteElo "2007"]
[BlackElo "1579"]
[PlyCount "77"]
[EventDate "2023.07.09"]
[EventType "team-swiss"]
[EventRounds "9"]
[EventCountry "TUR"]
[SourceTitle "CBM 215 Extra"]
[Source "ChessBase"]
[SourceDate "2023.09.30"]
[SourceVersion "1"]
[SourceVersionDate "2023.09.30"]
[SourceQuality "1"]
[WhiteTeam "Besiktas Jimnastik"]
[BlackTeam "Karaman Saglik"]
[WhiteTeamCountry "TUR"]
[BlackTeamCountry "TUR"]

1. e4 e5 2. Nf3 Nc6 3. Bc4 Nf6 4. d3 Bc5 5. Nc3 h6 6. Ne2 d6 7. Ng3 0-0 8. c3 d5 9. exd5 Nxd5 10. 0-0 Nb6 11. Bb3 Kh8 12. Re1 Bd6 13. d4 Bg4 14. h3 Bxf3 15. Qxf3 exd4 16. Nf5 Qf6 17. Nxd4 Qxf3 18. Nxf3 Nd7 19. Nh4 Ne7 20. Be3 Nc5 21. Bc2 Ne6 22. c4 a6 23. Be4 Rab8 24. Rac1 b6 25. g4 Nc5 26. Bc2 Ne6 27. Be4 Nc5 28. Bxc5 Bxc5 29. a3 a5 30. Re2 g5 31. Ng2 f5 32. Bc2 Nc6 33. Bxf5 Nd4 34. Re4 Nxf5 35. gxf5 Rxf5 36. Ne3 Rf3 37. Kg2 Rbf8 38. Rc2 Kg7 39. Rd2 1/2-1/2

[Event "EU-ch Cities&Town (Women) op"]
[Site "Tornelo INT"]
[Date "2023.01.29"]
[Round "?"]
[White "Can, Isil"]
[Black "Avramidou, Anastasia"]
[Result "0-1"]
[WhiteElo "2007"]
[BlackElo "2321"]
[PlyCount "64"]
[EventDate "2023.01.29"]
[EventType "team-swiss"]
[EventRounds "9"]
[EventCountry "NET"]
[SourceTitle "CBM 212 Extra"]
[Source "ChessBase"]
[SourceDate "2023.03.31"]
[SourceVersion "1"]
[SourceVersionDate "2023.03.31"]
[SourceQuality "1"]
[WhiteTeam "Istanbul"]
[BlackTeam "Thessaloniki"]
[WhiteTeamCountry "TUR"]
[BlackTeamCountry "GRE"]

1. e4 g6 2. d4 Bg7 3. f4 d5 4. exd5 Qxd5 5. Nf3 Bg4 6. Be2 Nc6 7. c4 Qd7 8. d5 Bxf3 9. Bxf3 Nd4 10. Nc3 Nh6 11. Be3 Nxf3+ 12. Qxf3 Nf5 13. Bf2 Nd4 14. Bxd4 Bxd4 15. 0-0-0 Bg7 16. g4 a6 17. Rhe1 0-0 18. f5 Qd6 19. a3 Qc5 20. Re4 b5 21. b4 Qd6 22. c5 Qf6 23. Red4 a5 24. Ne4 Qe5 25. d6 cxd6 26. cxd6 axb4 27. Rxb4 Rfc8+ 28. Kd2 exd6 29. Ke1 d5 30. f6 Bf8 31. Qe2 dxe4 32. Rxe4 Qxf6 0-1

[Event "EU-ch Cities&Town (Women) op"]
[Site "Tornelo INT"]
[Date "2023.01.29"]
[Round "?"]
[White "Can, Isil"]
[Black "Houska, Jovanka"]
[Result "0-1"]
[WhiteElo "2007"]
[BlackElo "2338"]
[PlyCount "98"]
[EventDate "2023.01.29"]
[EventType "team-swiss"]
[EventRounds "9"]
[EventCountry "NET"]
[SourceTitle "CBM 212 Extra"]
[Source "ChessBase"]
[SourceDate "2023.03.31"]
[SourceVersion "1"]
[SourceVersionDate "2023.03.31"]
[SourceQuality "1"]
[WhiteTeam "Istanbul"]
[BlackTeam "London (W)"]
[WhiteTeamCountry "TUR"]
[BlackTeamCountry "ENG"]

1. e4 c6 2. d4 d5 3. exd5 cxd5 4. Bd3 Nc6 5. Nf3 Bg4 6. c3 e6 7. Bf4 Bd6 8. Bg3 Nf6 9. Nbd2 0-0 10. 0-0 Bxg3 11. hxg3 Rc8 12. a4 Na5 13. Qb1 Bxf3 14. Nxf3 Nc4 15. Bxc4 Rxc4 16. Ne5 Rc7 17. f3 h5 18. Qc1 Ne8 19. g4 hxg4 20. Nxg4 Qh4 21. Qf4 f5 22. g3 Qh5 23. Ne5 g5 24. Qd2 Rh7 25. Qg2 Nf6 26. Kf2 g4 27. Rh1 gxf3 28. Rxh5 fxg2 29. Rg5+ Rg7 30. Rxg7+ Kxg7 31. Kxg2 Ne4 32. Rg1 Rh8 33. g4 Kf6 34. gxf5 exf5 35. Kf1 f4 36. Rg6+ Kf5 37. Rg1 Rh2 38. Rg2 Rh1+ 39. Ke2 Ng3+ 40. Kd3 Rd1+ 41. Kc2 Rh1 42. Kd3 b6 43. c4 Rd1+ 44. Kc2 Rxd4 45. Nf3 Rxc4+ 46. Kd3 Rxa4 47. Nd4+ Kg4 48. b3 Ra1 49. Kc3 Rc1+ 0-1

[Event "Wch U18 Girls rapid"]
[Site "Rhodes"]
[Date "2022.05.01"]
[Round "3"]
[White "Czarnecka, Lidia"]
[Black "Can, Isil"]
[Result "1/2-1/2"]
[WhiteElo "1917"]
[BlackElo "1683"]
[PlyCount "134"]
[EventDate "2022.05.01"]
[EventType "swiss (rapid)"]
[EventRounds "9"]
[EventCountry "GRE"]
[SourceTitle "CBM 208 Extra"]
[Source "ChessBase"]
[SourceDate "2022.07.31"]
[SourceVersion "1"]
[SourceVersionDate "2022.07.31"]
[SourceQuality "1"]

1. e4 e5 2. Nf3 Nc6 3. d4 exd4 4. Nxd4 Bc5 5. Nb3 Bb6 6. Nc3 Nf6 7. Bg5 h6 8. Bh4 d6 9. Qe2 a5 10. a4 Be6 11. 0-0-0 Bxb3 12. cxb3 Nd4 13. Qc4 g5 14. Bg3 c5 15. f3 0-0 16. Nb5 d5 17. exd5 Qxd5 18. Kb1 Qxc4 19. Bxc4 Nxb5 20. Bxb5 Rfd8 21. Be5 Ne8 22. Kc2 f6 23. Bc3 Kf7 24. Bd7 Bc7 25. Rhe1 Ng7 26. g3 Ra6 27. Bb5 Rad6 28. Rxd6 Rxd6 29. Bc4+ Kf8 30. Re4 Nf5 31. Bb5 Nd4+ 32. Bxd4 Rxd4 33. Re8+ Kf7 34. Rc8 Bd6 35. Rh8 Kg7 36. Rd8 Be5 37. Ra8 b6 38. Ra7+ Kg6 39. Bd3+ f5 40. Ra8 Kf6 41. Rf8+ Ke7 42. Rxf5 Bf6 43. Bc4 h5 44. Bg8 h4 45. Bc4 hxg3 46. hxg3 Rd8 47. f4 gxf4 48. Rxf4 Rh8 49. Re4+ Kd7 50. Re2 Rh7 51. g4 Rg7 52. Be6+ Kd6 53. Bf5 Be5 54. Kd3 Rg8 55. Kc4 Rh8 56. Kb5 Rh3 57. Kc4 Rg3 58. Rd2+ Bd4 59. Rh2 Bf6 60. Rh6 Ke5 61. Rh2 Kd6 62. Re2 Be5 63. Bc8 Rg1 64. Bf5 Rg3 65. Rf2 Bd4 66. Rd2 Kc6 67. Rh2 Rg1 1/2-1/2

[Event "Online Olym Div Top-D"]
[Site "Chess.com INT"]
[Date "2021.09.10"]
[Round "9.5"]
[White "Can, Isil"]
[Black "Kalaiyalahan, Akshaya"]
[Result "0-1"]
[WhiteElo "1945"]
[BlackElo "2149"]
[PlyCount "78"]
[EventDate "2021.09.08"]
[EventType "team (rapid)"]
[EventRounds "9"]
[EventCountry "USA"]
[SourceTitle "CBM 204 Extra"]
[Source "ChessBase"]
[SourceDate "2021.11.30"]
[SourceVersion "1"]
[SourceVersionDate "2021.11.30"]
[SourceQuality "1"]
[WhiteTeam "Turkey"]
[BlackTeam "England"]
[WhiteTeamCountry "TUR"]
[BlackTeamCountry "ENG"]

1. e4 c5 2. Nf3 Nc6 3. d4 cxd4 4. Nxd4 Qb6 5. Nb3 Nf6 6. Nc3 e6 7. Be3 Qc7 8. Be2 a6 9. a4 Bb4 10. f3 d5 11. 0-0 dxe4 12. Nxe4 Nd5 13. Bc1 0-0 14. c3 Be7 15. Kh1 Rd8 16. Qe1 f5 17. Nec5 Qb6 18. a5 Nxa5 19. Rxa5 Bxc5 20. Rxc5 Qxb3 21. Bc4 Qb6 22. b4 Qd6 23. Bg5 Rd7 24. Rxd5 exd5 25. Bxd5+ Kf8 26. c4 Re7 27. Bxe7+ Qxe7 28. Qg3 a5 29. b5 a4 30. Re1 Qd8 31. Qe5 a3 32. Qd4 Qc7 33. Qc3 Qd6 34. Qe3 Bd7 35. Bxb7 Re8 36. Qf2 Rxe1+ 37. Qxe1 a2 38. Bd5 Qa3 39. Qa1 Qb3 0-1

[Event "TUR-ch (Women)"]
[Site "Corum"]
[Date "2021.06.14"]
[Round "2"]
[White "Can, Isil"]
[Black "Bereketoglu, Nadiye"]
[Result "1-0"]
[WhiteElo "1889"]
[BlackElo "1301"]
[PlyCount "67"]
[EventDate "2021.06.13"]
[EventType "swiss"]
[EventRounds "7"]
[EventCountry "TUR"]
[SourceTitle "CBM 203 Extra"]
[Source "ChessBase"]
[SourceDate "2021.09.30"]
[SourceVersion "1"]
[SourceVersionDate "2021.09.30"]
[SourceQuality "1"]

1. e4 c6 2. d4 d5 3. exd5 cxd5 4. Bd3 Nf6 5. c3 Nc6 6. Bf4 Bg4 7. Nf3 e6 8. Qb3 Qc8 9. Nbd2 Be7 10. 0-0 0-0 11. Qc2 Bh5 12. h3 Bg6 13. Rac1 Qd8 14. Bh2 Rc8 15. Bxg6 hxg6 16. Qd3 Bd6 17. Ne5 Qc7 18. f4 Ne7 19. Kh1 Nd7 20. Ndf3 Nb6 21. Qe2 Nc4 22. Nd3 Na5 23. g4 Nec6 24. Rce1 Rce8 25. Ng5 Be7 26. f5 e5 27. Nf3 Bd6 28. dxe5 Nxe5 29. Ndxe5 gxf5 30. Qd3 fxg4 31. hxg4 Nc6 32. Ng5 f5 33. Qxd5+ Rf7 34. Nexf7 1-0

[Event "TUR-ch U13-U18 Girls"]
[Site "Antalya"]
[Date "2020.01.22"]
[Round "6"]
[White "Can, Isil"]
[Black "Aygun, Helin Beren"]
[Result "1-0"]
[WhiteElo "1797"]
[BlackElo "1432"]
[PlyCount "83"]
[EventDate "2020.01.19"]
[EventType "swiss"]
[EventRounds "11"]
[EventCountry "TUR"]
[SourceTitle "CBM 195 Extra"]
[Source "ChessBase"]
[SourceDate "2020.05.31"]
[SourceVersion "1"]
[SourceVersionDate "2020.05.31"]
[SourceQuality "1"]

1. e4 Nf6 2. e5 Nd5 3. c4 Nb6 4. d4 d6 5. exd6 exd6 6. Bd3 Be7 7. Nf3 Bg4 8. d5 N8d7 9. Bf4 Nf6 10. Nc3 a5 11. 0-0 0-0 12. h3 Bh5 13. Rc1 Nbd7 14. Re1 Re8 15. g4 Bg6 16. Bf1 Nc5 17. Nd4 Qd7 18. Qf3 Bf8 19. Re3 Rxe3 20. Bxe3 Re8 21. b3 Qc8 22. Rd1 Nce4 23. Nce2 c6 24. dxc6 bxc6 25. Nf4 Nd7 26. Nxg6 fxg6 27. Bg2 Ndf6 28. Rc1 c5 29. Ne2 d5 30. g5 d4 31. gxf6 gxf6 32. Bf4 Qd7 33. Qd3 Ng5 34. Bxg5 fxg5 35. Ng3 Bh6 36. Ne4 Rf8 37. Nxc5 Qd6 38. Bd5+ Kh8 39. Ne6 Rf6 40. Qxd4 Bg7 41. Nxg7 Kxg7 42. Re1 1-0

[Event "Wch U20 Girls 36th"]
[Site "Manavgat"]
[Date "2018.09.11"]
[Round "7"]
[White "Bai, Xue"]
[Black "Can, Isil"]
[Result "1/2-1/2"]
[WhiteElo "2073"]
[BlackElo "1798"]
[PlyCount "100"]
[EventDate "2018.09.05"]
[EventType "swiss"]
[EventRounds "11"]
[EventCountry "TUR"]
[SourceTitle "CBM 186 Extra"]
[Source "ChessBase"]
[SourceDate "2018.08.24"]
[SourceVersion "1"]
[SourceVersionDate "2018.08.24"]
[SourceQuality "1"]

1. e4 e5 2. Nf3 Nc6 3. Bb5 a6 4. Ba4 Nf6 5. 0-0 Be7 6. Re1 b5 7. Bb3 d6 8. c3 0-0 9. h3 Nb8 10. d4 Nbd7 11. Bg5 Bb7 12. Nbd2 Re8 13. Bc2 Bf8 14. Nf1 h6 15. Bxf6 Nxf6 16. Ng3 g6 17. Qe2 Bg7 18. Rad1 Qe7 19. a4 c6 20. dxe5 dxe5 21. Rd2 Rad8 22. Red1 Nd7 23. Qe3 Nf8 24. Qb6 Ne6 25. b4 Rxd2 26. Rxd2 Rd8 27. Bb3 Rxd2 28. Nxd2 Qc7 29. Qe3 Bc8 30. Ne2 bxa4 31. Bxa4 c5 32. Kh2 Bf8 33. bxc5 Nxc5 34. Bc2 Be6 35. c4 a5 36. Nc3 Kg7 37. Nb5 Qc6 38. Qc3 a4 39. Qxe5+ Kh7 40. Qc3 Qa6 41. f4 Bd7 42. f5 Bxb5 43. cxb5 Qxb5 44. Qf6 Qe8 45. Qc3 Bd6+ 46. g3 Qe5 47. Nb1 Qxc3 48. Nxc3 a3 49. Kg2 Na6 50. Bb3 gxf5 1/2-1/2

[Event "Wch U20 Girls 36th"]
[Site "Manavgat"]
[Date "2018.09.08"]
[Round "5"]
[White "Can, Isil"]
[Black "Heydarova, Aytaj"]
[Result "1-0"]
[WhiteElo "1798"]
[BlackElo "1948"]
[PlyCount "99"]
[EventDate "2018.09.05"]
[EventType "swiss"]
[EventRounds "11"]
[EventCountry "TUR"]
[SourceTitle "CBM 186 Extra"]
[Source "ChessBase"]
[SourceDate "2018.08.24"]
[SourceVersion "1"]
[SourceVersionDate "2018.08.24"]
[SourceQuality "1"]

1. e4 c5 2. Nf3 d6 3. d4 cxd4 4. Nxd4 Nf6 5. Nc3 g6 6. Be3 Bg7 7. f3 Nc6 8. Qd2 0-0 9. Bc4 a6 10. h4 Nxd4 11. Bxd4 Be6 12. Bb3 Qa5 13. 0-0-0 Rfc8 14. Kb1 b5 15. h5 Bc4 16. hxg6 hxg6 17. Rh2 Kf8 18. Rdh1 e5 19. Be3 Qc7 20. Bg5 b4 21. Bxf6 Bxf6 22. Nd5 Bxd5 23. Bxd5 Rab8 24. Rh7 Bg7 25. Bb3 Rb5 26. Qg5 Rc5 27. Rh8+ Bxh8 28. Rxh8+ Kg7 29. Qh6+ Kf6 30. Qh4+ g5 31. Qh6+ Ke7 32. Qxg5+ Kd7 33. Ba4+ Rc6 34. Qf5+ Ke7 35. Qg5+ Kd7 36. Qg4+ Ke7 37. Qh4+ Kd7 38. Qh3+ Ke7 39. Qh4+ Kd7 40. Qg4+ Ke7 41. Rh7 Rf8 42. Qg5+ Ke8 43. Qd2 Ke7 44. Bxc6 Qxc6 45. Qxb4 Rg8 46. g4 Rg6 47. Qb3 Re6 48. Qe3 Qe8 49. Qa7+ Kf6 50. Rh5 1-0

[Event "Wch U20 Girls 36th"]
[Site "Manavgat"]
[Date "2018.09.06"]
[Round "2"]
[White "Can, Isil"]
[Black "Li, Xinyu"]
[Result "0-1"]
[WhiteElo "1798"]
[BlackElo "2086"]
[PlyCount "98"]
[EventDate "2018.09.05"]
[EventType "swiss"]
[EventRounds "11"]
[EventCountry "TUR"]
[SourceTitle "CBM 186 Extra"]
[Source "ChessBase"]
[SourceDate "2018.08.24"]
[SourceVersion "1"]
[SourceVersionDate "2018.08.24"]
[SourceQuality "1"]

1. e4 c5 2. Nf3 d6 3. d4 cxd4 4. Nxd4 Nf6 5. Nc3 a6 6. Bg5 Nbd7 7. f4 Qc7 8. Qe2 e6 9. 0-0-0 Be7 10. g4 0-0 11. Bg2 Re8 12. h4 Nb6 13. h5 e5 14. Nf5 Bxf5 15. gxf5 h6 16. Bxf6 Bxf6 17. fxe5 Rxe5 18. Qd3 Rd8 19. Rhg1 Kf8 20. Bf3 Ra5 21. Kb1 Bxc3 22. Qxc3 Qxc3 23. bxc3 Rc5 24. Rd3 Na4 25. c4 Nb6 26. e5 Rxe5 27. Bxb7 Rxf5 28. Bxa6 Rxh5 29. Rgd1 Ke7 30. Bb5 Rc5 31. Rd4 d5 32. Re1+ Kf8 33. Re5 f6 34. Rh5 Kf7 35. a4 Kg6 36. Rhh4 Nxc4 37. Bxc4 Rxc4 38. Rxc4 dxc4 39. Rxc4 Kf5 40. a5 g5 41. a6 h5 42. a7 Ra8 43. Ra4 h4 44. Kc1 h3 45. Kd2 h2 46. Ra1 Rxa7 47. Rxa7 h1Q 48. Ra3 g4 49. c4 Qe4 0-1

[Event "TUR-chT"]
[Site "Ankara"]
[Date "2018.07.28"]
[Round "4.6"]
[White "Balajayeva, Khanim Asad Qizi"]
[Black "Can, Isil"]
[Result "1-0"]
[WhiteElo "2332"]
[BlackElo "1862"]
[PlyCount "115"]
[EventDate "2018.07.25"]
[EventType "team-tourn"]
[EventRounds "13"]
[EventCountry "TUR"]
[SourceTitle "CBM 185 Extra"]
[Source "ChessBase"]
[SourceDate "2018.07.29"]
[SourceVersion "1"]
[SourceVersionDate "2018.07.29"]
[SourceQuality "1"]
[WhiteTeam "Genc Akademisyenler"]
[BlackTeam "Besiktas Jimnastik"]
[WhiteTeamCountry "TUR"]
[BlackTeamCountry "TUR"]

1. e4 e5 2. Nf3 Nc6 3. Bc4 Bc5 4. Nc3 Nf6 5. d3 d6 6. Bg5 h6 7. Bxf6 Qxf6 8. Nd5 Qd8 9. c3 0-0 10. b4 Bb6 11. a4 a5 12. Nxb6 cxb6 13. bxa5 bxa5 14. 0-0 Ne7 15. Nd2 Ng6 16. g3 Bh3 17. Re1 Qg5 18. Rb1 Rab8 19. Rb6 Nh4 20. Nf3 Qd8 21. Rb2 Ng6 22. Nd2 b6 23. Qh5 Qd7 24. Qxg6 Kh8 25. Qh5 Bg4 26. Qh4 Kh7 27. f3 f5 28. exf5 Bxf5 29. g4 g5 30. Qg3 Bg6 31. d4 Qc7 32. dxe5 d5 33. Bb5 Qxc3 34. Ra2 Bd3 35. Bxd3+ Qxd3 36. e6 Rf4 37. Qf2 Re8 38. Qxb6 d4 39. Qb1 Qxb1 40. Nxb1 Rxf3 41. Rae2 Rb3 42. e7 d3 43. Re3 Rb4 44. Re4 Rb2 45. Rd4 Rb7 46. Rxd3 Rexe7 47. Rxe7+ Rxe7 48. Nd2 Re1+ 49. Kf2 Ra1 50. Rd4 h5 51. gxh5 Kh6 52. Nf3 Kxh5 53. Kg3 Ra3 54. Rg4 Kh6 55. h3 Rb3 56. Rxg5 Rxf3+ 57. Kxf3 Kxg5 58. Ke4 1-0

[Event "EU-Cup (Women) 22nd"]
[Site "Antalya"]
[Date "2017.10.13"]
[Round "6.3"]
[White "Hereklioglu, Sude"]
[Black "Can, Isil"]
[Result "1-0"]
[WhiteElo "2165"]
[BlackElo "1791"]
[PlyCount "69"]
[EventDate "2017.10.08"]
[EventType "team-swiss"]
[EventRounds "7"]
[EventCountry "TUR"]
[SourceTitle "CBM 181 Extra"]
[Source "ChessBase"]
[SourceDate "2017.12.12"]
[SourceVersion "1"]
[SourceVersionDate "2017.12.12"]
[SourceQuality "1"]
[WhiteTeam "Marmara (W)"]
[BlackTeam "Mediterranean (W)"]
[WhiteTeamCountry "TUR"]
[BlackTeamCountry "TUR"]

1. d4 d5 2. Bg5 Nf6 3. Nd2 c6 4. c3 Bf5 5. Ngf3 Nbd7 6. Nh4 e6 7. Nxf5 exf5 8. g3 g6 9. Bg2 Bg7 10. 0-0 Qb6 11. Qc2 Ne4 12. Bxe4 fxe4 13. Nxe4 0-0 14. Nd2 h6 15. Bf4 g5 16. Bd6 Rfe8 17. e3 Re6 18. Ba3 Qd8 19. Rae1 b5 20. e4 a5 21. exd5 cxd5 22. Qb3 Rb8 23. Rxe6 fxe6 24. Bd6 Rb6 25. Qa3 Ra6 26. Bc5 Rc6 27. Re1 Nxc5 28. dxc5 e5 29. b4 a4 30. Qc1 Qf8 31. Qd1 e4 32. Nxe4 Re6 33. Qxd5 Qf7 34. c6 Bxc3 35. c7 1-0